ბათუმის შოთა რუსთაველის სახელმწიფო უნივერსიტეტის ბიბლიოთეკა

ვსწავლობთ ტექსტის გააზრებას : (ბიბ.ჩანაწერი № 54446)

000 -ლიდერი
ფიქსირებული სიგრძის საკონტროლო ველი 01448nam a2200253Ia 4500
001 - საკონტროლო ნომერი
საკონტროლო ველი 21508
003 - საკონტროლო ნომრის იდენტიფიკატორი
საკონტროლო ველი GE_BSU
005 - ბოლო ოპერაციის თარიღი და დრო
საკონტროლო ველი 20211124154434.0
008 - ფიქსირებული სიგრძის მონაცემთა ელემენტები - ზოგადი ინფორმაცია
ფიქსირებული სიგრძის საკონტროლო ველი 181216s2006||||ge |||||||||||||| ||geo||
040 ## - კატალოგიზაციის წყარო
Transcribing agency GE_BSU
041 ## - ენის კოდი
Language code of text/sound track or separate title geo
080 ## - უნივერსალური ათობითი კლასიფიკაციის ინდექსი
Universal Decimal Classification number 801.73+37.016+003 ვ-92
245 ## - ცნობა სათაურის შესახებ
Title ვსწავლობთ ტექსტის გააზრებას :
Remainder of title ტესტური მასალები კითხვის უნარის განსავითარებლად კრებული 2.
Statement of responsibility, etc კრებ. შემდგ. : ნ. გორდელაძე, თ. ოთხმეზური ; რედ. თ. ვასაძე.
264 ## - წარმოების, გამოცემის, დისტრიბუციის და სხვა ცნობები
გამოცემის, წარმოების, დისტრიბუციის... ადგილი თბილისი :
გამოცემის, წარმოების, დისტრიბუციის... სახელწოდება [?],
გამოცემის, წარმოების, დისტრიბუციის... თარიღი 2006.
300 ## - ფიზიკური აღწერა
Extent 51 გვ. :
Other physical details ილ. ;
Dimensions 29 სმ.
653 ## - INDEX TERM--UNCONTROLLED
Uncontrolled term ვსწავლობთ ტექსტის გააზრებას
653 ## - INDEX TERM--UNCONTROLLED
Uncontrolled term ტესტური მასალები კითხვის უნარის განსავითარებლად
700 ## - ADDED ENTRY--PERSONAL NAME
Personal name გორდელაძე, ნ.
Relator term შემდგენელი
9 (RLIN) 10277
700 ## - ADDED ENTRY--PERSONAL NAME
Personal name ოთხმეზური, თ.
Relator term შემდგენელი
9 (RLIN) 13020
700 ## - ADDED ENTRY--PERSONAL NAME
Personal name ვასაძე, თ.
Relator term რედაქტორი
9 (RLIN) 13021
710 ## - ADDED ENTRY--CORPORATE NAME
Corporate name or jurisdiction name as entry element შეფასებისა და გამოცდების ეროვნული ცენტრი
9 (RLIN) 13022
942 ## - ADDED ENTRY ELEMENTS (KOHA)
Koha item type წიგნი
Source of classification or shelving scheme
ეგზემპლარები
ჩამოწერის სტატუსი დაკარგული ეგზემპლარის სტატუსი კლასიფიკაციის წყარო ან თაროზე გაწყობის სქემა დაზიანების სტატუსი არ გაიცემა მუდმივი მდებარეობა (დაცვის ადგილი) ამჟამინდელი ადგილსამყოფელი თაროზე განთავსების ადგილი შეძენის თარიღი ღირებულება, შესყიდვის ნორმალური ფასი სრული შენახვის შიფრი შტრიხკოდი ბოლო ოპერაციის თარიღი ეგზემპლარის მიმდევრობითი ნომერი (კეტერი?) ფასის ძალაში შესვლის თარიღი ეგზემპლარის სახეობა საჯარო შენიშვნა
          ბათუმის შოთა რუსთაველის სახელმწიფო უნივერსიტეტის მთავარი ბიბლიოთეკა ბათუმის შოთა რუსთაველის სახელმწიფო უნივერსიტეტის მთავარი ბიბლიოთეკა წიგნსაცავი 2018-12-17 5.00 801.73+37.016+003 ვ-92 55473 2018-12-17 55473 2018-12-17 წიგნი 5.00 ₾.